|
|
|
|
| LEADER |
00000nam a22000007a 4500 |
| 005 |
20130221173134.0 |
| 007 |
cr|||| |||| |
| 008 |
130221e2012 sp |||||s|||| 00| 0 spa d |
| 020 |
|
|
|a 978-84-15455-43-1
|
| 035 |
|
|
|a 6972
|
| 040 |
|
|
|a vLex
|
| 090 |
|
|
|c 3702
|d 3702
|
| 100 |
1 |
0 |
|a Rodriguez Palop, Maria Eugenia
|
| 245 |
1 |
0 |
|a Desafo̕s actuales a los Derechos Humanos
|b la renta bs̀ica y el futuro del estado social
|h [Recurso electrn̤ico]
|
| 250 |
|
|
|b Servicio en ln̕ea
|
| 256 |
|
|
|6 Madrid :
|8 Dykinson,
|a 2012
|
| 300 |
|
|
|a 1 Recurso electrn̤ico
|
| 650 |
0 |
4 |
|a Derechos humanos
|
| 650 |
0 |
4 |
|a Estado del bienestar
|
| 650 |
0 |
4 |
|a Renta bs̀ica
|
| 700 |
1 |
0 |
|a Campoy Cervera, Ignacio
|
| 740 |
|
|
|a vLex Libros (Servicio en ln̕ea)
|
| 856 |
4 |
0 |
|a Acceso restringido
|u http://vlex.com/source/desafios-actuales-derechos-humanos-6972
|
| 942 |
|
|
|c BOOK
|
| 999 |
|
0 |
|a Human rights
|